<?xml version="1.0" encoding="UTF-8"?><?xml-stylesheet type="text/xsl" href="static/style.xsl"?><OAI-PMH xmlns="http://www.openarchives.org/OAI/2.0/" xmlns:xsi="http://www.w3.org/2001/XMLSchema-instance" xsi:schemaLocation="http://www.openarchives.org/OAI/2.0/ http://www.openarchives.org/OAI/2.0/OAI-PMH.xsd"><responseDate>2026-04-13T01:54:46Z</responseDate><request verb="GetRecord" identifier="oai:www.recercat.cat:10459.1/466878" metadataPrefix="marc">https://recercat.cat/oai/request</request><GetRecord><record><header><identifier>oai:recercat.cat:10459.1/466878</identifier><datestamp>2025-10-04T18:26:33Z</datestamp><setSpec>com_2072_3622</setSpec><setSpec>col_2072_479130</setSpec></header><metadata><record xmlns="http://www.loc.gov/MARC21/slim" xmlns:dcterms="http://purl.org/dc/terms/" xmlns:xsi="http://www.w3.org/2001/XMLSchema-instance" xmlns:doc="http://www.lyncode.com/xoai" xsi:schemaLocation="http://www.loc.gov/MARC21/slim http://www.loc.gov/standards/marcxml/schema/MARC21slim.xsd">
   <leader>00925njm 22002777a 4500</leader>
   <datafield ind2=" " ind1=" " tag="042">
      <subfield code="a">dc</subfield>
   </datafield>
   <datafield ind2=" " ind1=" " tag="720">
      <subfield code="a">Barranco i Reixachs, David</subfield>
      <subfield code="e">author</subfield>
   </datafield>
   <datafield ind2=" " ind1=" " tag="720">
      <subfield code="a">Bravo Navarro, Cristina</subfield>
      <subfield code="e">author</subfield>
   </datafield>
   <datafield ind2=" " ind1=" " tag="720">
      <subfield code="a">Orio Sallent, Aimar</subfield>
      <subfield code="e">author</subfield>
   </datafield>
   <datafield ind2=" " ind1=" " tag="720">
      <subfield code="a">Rubí Carnacea, Francesc</subfield>
      <subfield code="e">author</subfield>
   </datafield>
   <datafield ind2=" " ind1=" " tag="260">
      <subfield code="c">2024-10-24</subfield>
   </datafield>
   <datafield ind2=" " ind1=" " tag="520">
      <subfield code="a">Background
Simulation-based learning has proven to be an effective tool for recreating real-life scenarios. Simulation provides a controlled environment where students can practice skills in a realistic case setting. However, there is a lack of research on the opinions and experiences of physiotherapy students undergoing simulation-based training. This study aimed to assess the effectiveness and student satisfaction after a simulation focused on chronic pain.
Methods
A mixed-methods approach was employed to investigate the effectiveness of simulation-based learning with a biopsychosocial approach in the context of chronic pain patients in physiotherapy.
Participants
The study included 66 students who participated in two simulation experiences. The students completed a questionnaire consisting of open-ended questions and Likert-scale responses. The open-ended responses were analyzed using Giorgi's method.</subfield>
   </datafield>
   <datafield ind2=" " ind1=" " tag="520">
      <subfield code="a">Antecedentes
El aprendizaje basado en simulación ha demostrado ser una herramienta efectiva para recrear escenarios de la vida real. La simulación proporciona un entorno controlado para que los estudiantes practiquen habilidades en un escenario de caso realista. Sin embargo, existe una falta de investigación sobre las opiniones y experiencias de los estudiantes de fisioterapia que se someten a entrenamiento mediante simulación. Este estudio tuvo como objetivo evaluar la efectividad y satisfacción de los estudiantes de fisioterapia después de una simulación centrada en el dolor crónico.
Métodos
Se empleó un enfoque de métodos mixtos para investigar la efectividad del aprendizaje basado en simulación con un enfoque biopsicosocial en el contexto de pacientes con dolor crónico en fisioterapia.
Participantes
En el estudio participaron 66 estudiantes en dos experiencias de simulación. Los estudiantes completaron un cuestionario que comprendía preguntas abiertas con respuestas en escala Likert. Las respuestas abiertas fueron analizadas utilizando el método de Giorgi.
Resultados
Las experiencias de los estudiantes se categorizaron en cuatro temas: percepciones personales, habilidades adquiridas, transferencia del rol profesional y satisfacción. Se reportaron calificaciones de satisfacción positivas en todos los ámbitos. La adquisición de habilidades y habilidades de pensamiento crítico se demostraron consistentemente en todas las áreas.
Conclusiones
La simulación demuestra ser una herramienta valiosa para capacitar a los estudiantes de fisioterapia en la interacción y tratamiento eficaz de pacientes con dolor crónico. El aprendizaje basado en simulación ha demostrado mejorar la adquisición de habilidades y competencias, mientras satisface las experiencias de aprendizaje de los estudiantes.</subfield>
   </datafield>
   <datafield ind2=" " ind1=" " tag="520">
      <subfield code="a">No author of article had received any funding that may be affected by the research reported in the enclosed paper. None of the authors declare a conflict of interest.</subfield>
   </datafield>
   <datafield tag="653" ind2=" " ind1=" ">
      <subfield code="a">Physiotherapy</subfield>
   </datafield>
   <datafield tag="653" ind2=" " ind1=" ">
      <subfield code="a">Education</subfield>
   </datafield>
   <datafield tag="653" ind2=" " ind1=" ">
      <subfield code="a">Simulated patient</subfield>
   </datafield>
   <datafield tag="653" ind2=" " ind1=" ">
      <subfield code="a">Chronic pain</subfield>
   </datafield>
   <datafield tag="653" ind2=" " ind1=" ">
      <subfield code="a">Biopsychosocial model</subfield>
   </datafield>
   <datafield tag="653" ind2=" " ind1=" ">
      <subfield code="a">Fisioterapia</subfield>
   </datafield>
   <datafield tag="653" ind2=" " ind1=" ">
      <subfield code="a">Educación</subfield>
   </datafield>
   <datafield tag="653" ind2=" " ind1=" ">
      <subfield code="a">Paciente simulado</subfield>
   </datafield>
   <datafield tag="653" ind2=" " ind1=" ">
      <subfield code="a">Dolor crónico</subfield>
   </datafield>
   <datafield tag="653" ind2=" " ind1=" ">
      <subfield code="a">Modelo biopsicosocial</subfield>
   </datafield>
   <datafield tag="653" ind2=" " ind1=" ">
      <subfield code="a">Scoping review protocol</subfield>
   </datafield>
   <datafield tag="653" ind2=" " ind1=" ">
      <subfield code="a">Well-being</subfield>
   </datafield>
   <datafield tag="653" ind2=" " ind1=" ">
      <subfield code="a">Work-to-retirement transition</subfield>
   </datafield>
   <datafield ind2="0" ind1="0" tag="245">
      <subfield code="a">Physiotherapy education: Simulation-based learning on biopsychosocial training in chronic pain - A mixed-methods study</subfield>
   </datafield>
   <datafield ind2="0" ind1="0" tag="245">
      <subfield code="a">Educación en Fisioterapia: aprendizaje basado en simulación sobre el abordaje de los
aspectos biopsicosociales en dolor crónico. Estudio de método mixto</subfield>
   </datafield>
</record></metadata></record></GetRecord></OAI-PMH>